ARRUPE JESUIT UNIVERSITY

CORONAVIRUS -STOP THE SPREAD - CLEAN,DISINFECT,COVER

Understanding social science : (Record no. 23680)

MARC details
000 -LEADER
fixed length control field 01191cam a2200289 a 4500
001 - CONTROL NUMBER
control field 3788220
003 - CONTROL NUMBER IDENTIFIER
control field ARRUPE
005 - DATE AND TIME OF LATEST TRANSACTION
control field 20190716120748.0
008 - FIXED-LENGTH DATA ELEMENTS--GENERAL INFORMATION
fixed length control field 841204s1985 enk b 001 0 eng
010 ## - LIBRARY OF CONGRESS CONTROL NUMBER
LC control number 84028280
020 ## - INTERNATIONAL STANDARD BOOK NUMBER
International Standard Book Number 0631133658 :
Terms of availability $34.95 (U.S.)
020 ## - INTERNATIONAL STANDARD BOOK NUMBER
International Standard Book Number 0631141618 (pbk.) :
Terms of availability $14.95 (U.S.)
040 ## - CATALOGING SOURCE
Original cataloging agency DLC
Transcribing agency DLC
Modifying agency DLC
050 00 - LIBRARY OF CONGRESS CALL NUMBER
Classification number H61
Item number .T72 1985
082 00 - DEWEY DECIMAL CLASSIFICATION NUMBER
Classification number 300/.1
Edition number 19
300 ## - PHYSICAL DESCRIPTION
Dimensions 24 cm.
100 1# - MAIN ENTRY--PERSONAL NAME
Personal name Trigg, Roger.
9 (RLIN) 33992
245 10 - TITLE STATEMENT
Title Understanding social science :
Remainder of title a philosophical introduction to the social sciences /
Statement of responsibility, etc Roger Trigg.
260 ## - PUBLICATION, DISTRIBUTION, ETC. (IMPRINT)
Place of publication, distribution, etc Oxford, UK ;
-- New York, NY, USA :
Name of publisher, distributor, etc B. Blackwell,
Date of publication, distribution, etc 1985.
300 ## - PHYSICAL DESCRIPTION
Extent 224 p. ;
500 ## - GENERAL NOTE
General note Includes index.
504 ## - BIBLIOGRAPHY, ETC. NOTE
Bibliography, etc Bibliography: p. [215]-219.
650 #0 - SUBJECT ADDED ENTRY--TOPICAL TERM
Topical term or geographic name as entry element Social sciences
General subdivision Philosophy.
9 (RLIN) 47106
856 41 - ELECTRONIC LOCATION AND ACCESS
Materials specified Table of contents only
Uniform Resource Identifier <a href="http://www.loc.gov/catdir/enhancements/fy0801/84028280-t.html">http://www.loc.gov/catdir/enhancements/fy0801/84028280-t.html</a>
856 42 - ELECTRONIC LOCATION AND ACCESS
Materials specified Publisher description
Uniform Resource Identifier <a href="http://www.loc.gov/catdir/enhancements/fy0801/84028280-d.html">http://www.loc.gov/catdir/enhancements/fy0801/84028280-d.html</a>
856 42 - ELECTRONIC LOCATION AND ACCESS
Materials specified Contributor biographical information
Uniform Resource Identifier <a href="http://www.loc.gov/catdir/enhancements/fy0801/84028280-b.html">http://www.loc.gov/catdir/enhancements/fy0801/84028280-b.html</a>
906 ## - LOCAL DATA ELEMENT F, LDF (RLIN)
a 7
b cbc
c orignew
d 1
e ocip
f 19
g y-gencatlg
942 ## - ADDED ENTRY ELEMENTS (KOHA)
Source of classification or shelving scheme Library of Congress Classification
Koha item type Monograph ( Printed materials)
Holdings
Withdrawn status Lost status Source of classification or shelving scheme Damaged status Not for loan Collection code Home library Current library Shelving location Date acquired Total Checkouts Full call number Barcode Date last seen Date checked out Copy number Price effective from Koha item type
    Library of Congress Classification     Main Collection ARRUPE LIBRARY ARRUPE LIBRARY   04/03/2013 1 H61.T721985 46003046203 23/04/2018 26/01/2015 1 04/03/2013 Monograph ( Printed materials)

 

Arrupe Library. PO Box MP320 Mt Pleasant, Harare, Zimbabwe
263 242 745411|librarian@aju.ac.zw